000 00532nam a2200193 4500
001 vtls001998427
003 NLI
005 20210630151816.0
008 180514 00 eng
020 _a812193639X
039 9 _y201805141250
_zbiswajitg
100 1 _aKumar, Prem
_9816517
245 1 0 _aLanguage of mathematics
260 _aNew Delhi :
_bS.Chand & Company Pvt.Ltd.,
_c2014
887 _a
903 _abiswajit ghosh
999 _aVIRTUA4
_c1419081
_d1419081
942 _2ddc
_cBKS
999 _aVTLSSORT0080*0200*1000*2450*2600*9030*9992